សត្វខ្លែងនិងអ្នកប្រមាញ់ : (Record no. 8616)

MARC details
000 -LEADER
fixed length control field 02944nam a22003137a 4500
001 - CONTROL NUMBER
control field 8616
003 - CONTROL NUMBER IDENTIFIER
control field FISKH
005 - DATE AND TIME OF LATEST TRANSACTION
control field 20251209143833.0
008 - FIXED-LENGTH DATA ELEMENTS--GENERAL INFORMATION
fixed length control field 251002b cb ||||| |||| 00| 0 eng d
020 ## - INTERNATIONAL STANDARD BOOK NUMBER
International Standard Book Number 9789996301582
040 ## - CATALOGING SOURCE
Original cataloging agency FISKH
Language of cataloging khr
Transcribing agency FISKH
Modifying agency FISKH
050 ## - LIBRARY OF CONGRESS CALL NUMBER
Classification number PZ7
082 ## - DEWEY DECIMAL CLASSIFICATION NUMBER
Classification number J398.2452
100 ## - MAIN ENTRY--PERSONAL NAME
Personal name Sotheary, Kimsun
245 ## - TITLE STATEMENT
Title សត្វខ្លែងនិងអ្នកប្រមាញ់ :
Remainder of title Kites and hunters /
Statement of responsibility, etc. រៀបរៀងដោយ អ្នកស្រី គឹមស៊ុន សុធារី ,​ កែសម្រួលដោយ លោក ធី ចាន់ថន និង​ កញ្ញា ហេង ចរិយា​
260 ## - PUBLICATION, DISTRIBUTION, ETC.
Place of publication, distribution, etc. Phnom Penh :
Name of publisher, distributor, etc. Reading Books ,
Date of publication, distribution, etc. 2012.
300 ## - PHYSICAL DESCRIPTION
Extent 20 pages :
Other physical details color illustrations ;
Dimensions 25 cm .
490 ## - SERIES STATEMENT
Series statement ពិភពរឿងនិទាន
505 ## - FORMATTED CONTENTS NOTE
Formatted contents note J<br/><br/>
520 ## - SUMMARY, ETC.
Summary, etc. រឿងនេះផ្តោតលើការជីវិតរបស់សត្វព្រៃ ហើយមានគោលបំណងអប់រំមនុស្សទូទៅឲ្យស្រលាញ់សត្វព្រៃទាំងនោះផង ដោយសារថាពួកវាក៏មានគ្រួសារដូចជាយើងដែរ តែគ្រាន់តែពួកវាមិនអាចនិយាយបានប៉ុណ្ណោះ។<br/>ដូច្នេះ ប្រសិនបើយើងមានជីវភាពក្រីក្រ យើងត្រូវខិតខំប្រឹងប្រែងក្នុងការធ្វើកសិកម្ម ដោយមិនគួរការរកស៊ីខុសច្បាប់។ បើយើងចង់អោយសត្វព្រៃនៅស្ថិតស្ថេរបន្ត ទាំងអស់គ្នាត្រូវដាំដើមឈើ និងកុំបំផ្លាញព្រៃឈើ។ ការធ្វើដូច្នេះនឹងធ្វើឲ្យប្រទេសរបស់យើងសម្បូរទៅដោយធនធានធម្មជាតិ។
520 ## - SUMMARY, ETC.
Summary, etc. This story focuses on wild animals' lives and is designed to educate people in general to like such wild animals, for they also have families like us ,but they cannot just speak . Therefore, if we face a poor living standard, we have to put our efforts on farming, but should not earn an illegal livelihood . Thus, if we wish to keep wild animals exsisting, we have to grow trees and don't have to destroy them . Doing so makes our nation rich in natural resources .
521 8# - TARGET AUDIENCE NOTE
Target audience note 500 <br/><br/><br/>
Source Lexile estimate <br/>
521 8# - TARGET AUDIENCE NOTE
Target audience note J <br/><br/>
Source Raz-Plus <br/>
650 ## - SUBJECT ADDED ENTRY--TOPICAL TERM
Topical term or geographic name entry element សត្វខ្លែង និង អ្នកប្រមាញ់​
Form subdivision រឿងនិទានកុមារ​
650 ## - SUBJECT ADDED ENTRY--TOPICAL TERM
Topical term or geographic name entry element Kites and hunters
Form subdivision Children's stories
700 ## - ADDED ENTRY--PERSONAL NAME
Personal name Yu, Mai
Relator term Illustrator
942 ## - ADDED ENTRY ELEMENTS (KOHA)
Source of classification or shelving scheme Dewey Decimal Classification
Koha item type Khmer Books
Suppress in OPAC No
Holdings
Withdrawn status Lost status Source of classification or shelving scheme Damaged status Not for loan Collection Home library Current library Shelving location Date acquired Total Checkouts Full call number Barcode Date last seen Copy number Price effective from Koha item type
    Dewey Decimal Classification     Khmer-English Bilingual / ភាសាខ្មែរ-អង់គ្លេស Footprints International School Library Network Toul Tom Poung Campus Footprints International School Library Network Toul Tom Poung Campus TTP Primary Khmer Bookshelves 10/02/2025   SOT PZ7 J 398.2452 FIS05060 10/02/2025 1 10/02/2025 Khmer Books
    Dewey Decimal Classification     Khmer-English Bilingual / ភាសាខ្មែរ-អង់គ្លេស Footprints International School Library Network Toul Tom Poung Campus Footprints International School Library Network Toul Tom Poung Campus TTP Primary Khmer Bookshelves 10/09/2025   SOT PZ7 J 398.2452 FIS05023 10/09/2025 2 10/09/2025 Khmer Books
    Dewey Decimal Classification     Khmer-English Bilingual / ភាសាខ្មែរ-អង់គ្លេស Footprints International School Library Network Toul Tom Poung Campus Footprints International School Library Network Toul Tom Poung Campus TTP Primary Khmer Bookshelves 10/09/2025   SOT PZ7 J 398.2452 FIS04088 10/09/2025 3 10/09/2025 Khmer Books
    Dewey Decimal Classification     Khmer-English Bilingual / ភាសាខ្មែរ-អង់គ្លេស Footprints International School Library Network Toul Tom Poung Campus Footprints International School Library Network Toul Tom Poung Campus TTP Primary Khmer Bookshelves 11/10/2025   SOT PZ7 J 398.2452 FIS04274 11/10/2025 4 11/10/2025 Khmer Books
    Dewey Decimal Classification     Khmer-English Bilingual / ភាសាខ្មែរ-អង់គ្លេស Footprints International School Library Network Toul Tom Poung Campus Footprints International School Library Network Toul Tom Poung Campus TTP Primary Khmer Bookshelves 11/11/2025   SOT PZ7 J 398.2452 FISBK03821 11/11/2025 5 11/11/2025 Khmer Books
    Dewey Decimal Classification     Khmer-English Bilingual / ភាសាខ្មែរ-អង់គ្លេស Footprints International School Library Network Toul Tom Poung Campus Footprints International School Library Network Toul Tom Poung Campus TTP Primary Khmer Bookshelves 12/05/2025   SOT PZ7 J 398.2452 2025-5051 12/05/2025 6 12/05/2025 Khmer Books
    Dewey Decimal Classification     Khmer-English Bilingual / ភាសាខ្មែរ-អង់គ្លេស Footprints International School Library Network Toul Tom Poung Campus Footprints International School Library Network Toul Tom Poung Campus TTP Primary Khmer Bookshelves 12/08/2025   SOT PZ7 J 398.2452 2025-5071 12/08/2025 7 12/08/2025 Khmer Books
    Dewey Decimal Classification     Khmer-English Bilingual / ភាសាខ្មែរ-អង់គ្លេស Footprints International School Library Network Toul Tom Poung Campus Footprints International School Library Network Toul Tom Poung Campus TTP Primary Khmer Bookshelves 04/09/2026   SOT PZ7 J 398.2452 2026-0489 04/09/2026 8 04/09/2026 Khmer Books
    Dewey Decimal Classification     Khmer-English Bilingual / ភាសាខ្មែរ-អង់គ្លេស Footprints International School Library Network Toul Tom Poung Campus Footprints International School Library Network Toul Tom Poung Campus TTP Primary Khmer Bookshelves 04/09/2026   SOT PZ7 J 398.2452 2026-0495 04/09/2026 9 04/09/2026 Khmer Books